[Event "OP-2011-0-01762"]
[Site "LSS email"]
[Date "2011.09.06"]
[Round "?"]
[White "Wright, Brian"]
[Black "Salazar Moran, Alejandro Fortunato"]
[Result "0-1"]
[WhiteElo "1200"]
[BlackElo "1593"]
[PlyCount "42"]
[EventDate "2011.09.03"]
[EventType "tourn (corr)"]
[EventRounds "4"]
[EventCountry "GER"]
[SourceTitle "Telechess CBM 151"]
[Source "ChessBase"]
[SourceDate "2012.11.13"]
[SourceVersion "1"]
[SourceVersionDate "2012.11.13"]
[SourceQuality "1"]

1. e4 e5 2. Nf3 Nc6 3. Bb5 a6 4. Bxc6 dxc6 5. Nxe5 Qd4 6. Nd3 Qxe4+ 7. Qe2 Qxe2+ 8. Kxe2 Bf5 9. Re1 0-0-0 10. Kf1 Bxd3+ 11. cxd3 Nf6 12. Nc3 Rxd3 13. a3 Bd6 14. Re3 Rd4 15. d3 Ng4 16. Rh3 Nxh2+ 17. Kg1 Ng4 18. Rh4 h5 19. Ne4 Rxd3 20. Nxd6+ cxd6 21. f3 Rd1# 0-1